5HLuxD.jpg

KING HENRY VIII SENIOR AND PRIMARY SCHOOL LIBRARY OPAC

Surviving a virus/ (Record no. 1526)

000 -LEADER
fixed length control field 00698nam a22002417a 4500
005 - DATE AND TIME OF LATEST TRANSACTION
control field 20230111145056.0
008 - FIXED-LENGTH DATA ELEMENTS--GENERAL INFORMATION
fixed length control field 230111b ||||| |||| 00| 0 eng d
020 ## - INTERNATIONAL STANDARD BOOK NUMBER
International Standard Book Number 9789670141732
020 ## - INTERNATIONAL STANDARD BOOK NUMBER
International Standard Book Number 9555276302392
040 ## - CATALOGING SOURCE
Transcribing agency KH8
082 ## - DEWEY DECIMAL CLASSIFICATION NUMBER
Classification number FIC HAN
100 ## - MAIN ENTRY--PERSONAL NAME
Personal name Han, Hyun-dong
245 ## - TITLE STATEMENT
Title Surviving a virus/
Statement of responsibility, etc. Hyun-dong Han, Gomdori Co
246 ## - VARYING FORM OF TITLE
Title proper/short title Surviving a virus 2
260 ## - PUBLICATION, DISTRIBUTION, ETC.
Place of publication, distribution, etc. Kuala Lumpur, Malaysia:
Name of publisher, distributor, etc. Anjung Taipan Sdn Bhd,
Date of publication, distribution, etc. 2011.
300 ## - PHYSICAL DESCRIPTION
Extent 179 pages :
Other physical details color illustrations ;
Dimensions 21 cm.
440 ## - SERIES STATEMENT/ADDED ENTRY--TITLE
Title Survival science comic
650 ## - SUBJECT ADDED ENTRY--TOPICAL TERM
Topical term or geographic name entry element Comics (Graphic works)
650 ## - SUBJECT ADDED ENTRY--TOPICAL TERM
Topical term or geographic name entry element Virus diseases
650 ## - SUBJECT ADDED ENTRY--TOPICAL TERM
Topical term or geographic name entry element Survival
700 ## - ADDED ENTRY--PERSONAL NAME
Personal name Co, Gomdori
Relator term author
942 ## - ADDED ENTRY ELEMENTS (KOHA)
Source of classification or shelving scheme
Koha item type Graphic Novel
Holdings
Withdrawn status Lost status Source of classification or shelving scheme Damaged status Not for loan Collection code Permanent Location Current Location Shelving location Date acquired Full call number Barcode Date last seen Price effective from Koha item type
          Fiction KH8 Senior School Library KH8 Senior School Library Graphic Novel 2023-01-11 FIC HAN 3KHSL000101948 2023-01-11 2023-01-11 Graphic Novel

Powered By KH8 IT Dept